| 000 | 00691nam a22002057a 4500 | ||
|---|---|---|---|
| 999 |
_c62301 _d62301 |
||
| 005 | 20240920145110.0 | ||
| 008 | 240920s2022 enk||||| |||| 00| 0 eng d | ||
| 020 | _a9780323640824x | ||
| 041 | _aeng | ||
| 080 | _a616.3 G-65 | ||
| 100 |
_aGore, Richard M. _923256 |
||
| 245 |
_aTextbook of Gastrointestinal Radiology / _cRichard M. Gore, Marc S. Levine. |
||
| 250 | _a5th Edition | ||
| 264 |
_aPhiladelphia : _bElsevier, _c2022. |
||
| 300 |
_a1084 p.; _bill. _c29 cm. |
||
| 653 | _aკუჭ-ნაწლავის რენტგენოლოგია | ||
| 653 | _aმედიცინა | ||
| 700 |
_aLevine, Marc S. _eავტორი _923257 |
||
| 942 |
_2udc _cᲬᲘᲒᲜᲘ |
||